| 000 | 01871cam a2200325 i 4500 | ||
|---|---|---|---|
| 001 | 18725128 | ||
| 003 | OSt | ||
| 005 | 20220225102051.0 | ||
| 008 | 150731s2016 nyua 001 0 eng | ||
| 010 | _a 2015030231 | ||
| 020 | _a9780393264586 (pbk.) | ||
| 040 |
_aDLC _beng _cDLC _erda _dDLC |
||
| 042 | _apcc | ||
| 050 | 0 | 0 |
_aHB 171.5 _b.M434 2016 |
| 082 | 0 | 0 |
_a330 _223 |
| 100 | 1 | _aMateer, G. Dirk. | |
| 245 | 1 | 0 |
_aEssentials of economics / _cDirk Mateer, University of Arizona, Lee Coppock, University of Virginia, Brian O'Roark, Robert Morris University. |
| 250 | _aFirst Edition. | ||
| 264 | 1 |
_aNew York ; _aLondon : _bW. W. Norton, _c[2016] |
|
| 300 |
_axxxix, 589 pages : _bcolor illustrations ; _c25 cm |
||
| 336 |
_atext _2rdacontent |
||
| 337 |
_aunmediated _2rdamedia |
||
| 338 |
_avolume _2rdacarrier |
||
| 500 | _aIncludes index. | ||
| 505 | 0 | _aIntroduction -- Thinking like an economist -- Economic models and gains from trade -- The market at work : supply and demand -- Market efficiency -- Microeconomics -- Costs and production : how do businesses work? -- Market structures -- Behavioral economics and game theory -- Labor markets and earnings -- Government in the economy -- Macroeconomics -- What is macroeconomics? -- Measuring the macroeconomy, inflation, and unemployment -- Aggregate demand and aggregate supply -- Economic growth and the wealth of nations -- Savings, investment, and the market for loanable funds -- Money and the federal reserve -- Monetary policy -- Fiscal policy and budget deficits -- International economics -- Personal finance. | |
| 650 | 0 | _aEconomics. | |
| 906 |
_a7 _bcbc _corignew _d1 _eecip _f20 _gy-gencatlg |
||
| 942 |
_2lcc _cBOOKS _hHB 171.5 .M434 2016 |
||
| 999 |
_c31212 _d31212 |
||